000 00582nam a2200169 i 4500
001 63589
003 ES-MaACL
005 20230906164923.0
007 t|
008 031212s1932 sp ||||1| spa d
245 0 4 _aLos ferrocarriles en construcción
_b: el ferrocarril directo Madrid-Burgos.
260 _aBurgos :
_b[s.n.],
_c1932 (
_fHijos de Santiago Rodríguez)
300 _a76 p. ;
_c23 cm.
500 _aPrecede al tít.: Comisión burgalesa de iniciativas ferroviarias.
710 2 _aComisión Burgalesa de Iniciativas Ferroviarias.
_93008
852 _aES-MaACL
_j1782-F-21
999 _c63589
_d63589